| 000 | 00404nam a22001337a 4500 | ||
|---|---|---|---|
| 020 | _a0-07-057449-9 | ||
| 082 | _a621.381528 DES'E | ||
| 100 |
_aEVANS, ARTHUR D _975444 |
||
| 245 | _aDESIGNING WITH FIELD EFFECT TRANSISTOR SILICON INC | ||
| 260 |
_aNEWYORK _bMCGRAW HILL _c1981 |
||
| 300 | _a293P | ||
| 650 |
_aFIELD EFFECT TRANSISTORS TRANSISTOR CIRCUITS ELECTRONIC CIRCUITS DESIGN _975698 |
||
| 942 | _cBK | ||
| 999 |
_c581090 _d581090 |
||